000 00973cam a2200301 a 4500
999 _c23214
_d23214
001 vtls011725534
005 20220427111402.0
008 200104s2017 xo a g 000 j slo
020 _a9788089930036
_q(viaz.)
035 _aurn:nbn:sk:snk-am00d0ow
035 _aurn:nbn:sk:snk-am3hhoq
035 _a8FE917B3-A8C4-4B0D-979A-B90D5B27D859
040 _aPPPK
_bslo
_cPPPK
_dSNK
_eAACR2
041 0 _aslo
044 _axo
_cSK
072 7 _a821.162.4-3
_xSlovenská próza
_2konspekt
080 _a821.162.4-32
_22011
100 1 _aKollár, Jozef,
_d1960-
_92675
245 1 0 _aFinalista
_cJozef Kollár ; [ilustrácie Martin Kellenberger]
250 _a1. vyd.
260 _aBratislava
_bRegent
_c2017
300 _a140 s.
_bilustr.
_c22 cm
655 7 _aslovenské poviedky
_2SNKPH
_91766
655 7 _aSlovak stories
_2SNKPHeng
_91702
700 1 _aKellenberger, Martin,
_d1957-
_4ill
_92926
958 _aLX